Groźne zwierzęta/ The dangerous animals - Statystyki

Ogólne statystyki
  • Ten quiz został rozwiązany 474 razy
  • Średni wynik to 4 z 10
Statystyki odpowiedzi
Odpowiedzi/ answers % Poprawnych
węże/ snakes
73%
hipopotamy/ hippos
60%
krokodyle/ crocodiles
60%
słonie/ elephants
53%
komary/ mosquitoes
43%
psy/ dogs
42%
skorpiony/ scorpions
32%
muchy tse - tse/ tsetse flies
24%
bawoły afrykańskie/ African buffaloes
13%
jelenie i sarny/ deers and does
11%
Nie znaleziono quizów pasujących do podanych kryteriów
Rozkład punktacji
Procent ludzi z każdym wynikiem
Percentyl według liczby udzielonych odpowiedzi
Twoja historia wyników
Nie rozwiązałeś tego quizu